000 00793nam a22002537a 4500
008 081212t xxu||||| |||| 00| 0beng d
010 _aENG-98673
020 _c125.00
_a9788183822343
035 _aEN-82205
037 _bDBAD / PUB
040 _adpl
_bEnglish
082 _a485
100 _93724
_aPathak, Nidhi
245 _aPunctuation book /
_cby Nidhi Pathak
260 _aNew Delhi
_bLotus Press
_c2010
270 _a4263/3, Ansari Road, Darya Ganj,
_bNew Delhi
_e110002
300 _a208p.
_c22cm (pbk)
505 _a
600 _aBaba Visakha Singh
_xBiography.
_93725
650 _97590
700 _96162
942 _2ddc
_cEN
_mPAT
_h485
999 _c39801
_d39801